000 00733nam a2200265Ia 4500
003 OSt
005 20221006160140.0
006 a|||||r|||| 00| 0
007 ta
008 221006b |||||||| |||| 00| 0 eng d
020 _a9781565912984
_c
_59.50
024 _a44,439
037 _bGift, KCC (Window on Korea)
_cTextual
040 _aEASL
_cEASL
_beng
041 _2eng
_aeng
082 _aNA495, N9
100 _aChoi Jae-soon, etc.
_9672108
245 0 _aHanoak Traditional Korean Homes
260 _aSeoul
_bHollym
_c1999
300 _a240p.
_ccm.
490 _v KEL
650 _aKEL
942 _hNA495, N9
_cTEXL
_2CC
999 _c1112531
_d1112531